The City as Text : (Record no. 609301)

MARC details
000 -LEADER
fixed length control field 00496nam a2200193 a 4500
008 - FIXED-LENGTH DATA ELEMENTS--GENERAL INFORMATION
fixed length control field 260127s2004##################000#0#eng##
020 ## - INTERNATIONAL STANDARD BOOK NUMBER
ISBN 9780521611961
082 04 - DEWEY DECIMAL CLASSIFICATION NUMBER
Classification number 304.23
Item number DUN
100 1# - MAIN ENTRY--AUTHOR NAME
Personal name Duncan, James S.,
245 10 - TITLE STATEMENT
Title The City as Text :
260 ## - PUBLICATION, DISTRIBUTION, ETC. (IMPRINT)
Name of publisher Cambridge University Press,
Year of publication 2004.
300 ## - PHYSICAL DESCRIPTION
Number of Pages 248 pages
650 #0 - SUBJECT ADDED ENTRY--TOPICAL TERM
Topical Term Nature.
942 ## - ADDED ENTRY ELEMENTS (KOHA)
Koha item type English Books
Holdings
Withdrawn status Lost status Damaged status Not for loan Home library Current library Shelving location Date acquired Full call number Accession Number Price effective from Koha item type
        Anna Centenary Library Anna Centenary Library 3RD FLOOR, B WING 28.01.2026 304.23 DUN 102294 28.01.2026 English Books

Find us on the map